Statistiques concernant Les villes ayant le plus de gratte-ciel au monde.

Cliquez ici pour prendre le quiz!

Statistiques générales

  • Ce quiz a été pris 103 fois
  • Le résultat moyen est 47 sur 100

Statistiques - réponses

RangVillesPaysNombre de gratte-ciel% Correct
6TokyoJapon160
100%
4DubaiEmirats Arabes Unis215
98%
3New York CityEtats-Unis290
98%
60ParisFrance21
94%
32PekinChine43
94%
5ShanghaiChine166
93%
48Los AngelesEtats Unis27
92%
42LondresRoyaume-Uni31
90%
18SeoulCoree du Sud82
90%
7ChicagoEtats-Unis130
89%
51MexicoMexique24
89%
13SingapourSingapour94
89%
14BangkokThailande92
87%
35SydneyAustralie40
87%
30IstanbulTurquie47
86%
24MoscouRussie58
86%
1Hong KongChine482
84%
20TorontoCanada68
84%
91MontrealCanada11
83%
73Sao PauloBresil15
83%
40TaipeiTaiwan33
83%
70VarsoviePologne15
83%
15JakartaIndonesie91
79%
10ManillePhilippines116
79%
99VancouverCanada10
79%
17BombayInde84
78%
39DohaQatar36
77%
28PanamaPanama54
77%
61RiyadArabie Saoudite19
77%
50BostonEtats Unis24
76%
27MiamiEtats Unis54
76%
65KoweitKoweit17
75%
16Kuala LumpurMalaisie84
74%
22MelbourneAustralie61
74%
76PyongyangCoree du Nord14
72%
49San FranciscoEtats Unis26
72%
74Tel AvivIsrael15
72%
88Buenos AiresArgentine11
71%
83BogotaColombie12
70%
90AnkaraTurquie11
69%
58DallasEtats Unis21
68%
31OsakaJapon43
67%
55SeattleEtats Unis22
62%
66FrancfortAllemagne17
61%
36HoustonEtats Unis39
61%
79PhiladelphieEtats Unis14
61%
2ShenzhenChine297
60%
69Ho Chi Minh VilleVietnam16
57%
78Las VegasEtats Unis14
57%
11WuhanChine101
53%
67AtlantaEtats Unis17
52%
85CalcuttaInde12
48%
72BrisbaneAustralie15
45%
38Abou DhabiEmirats Arabes Unis38
44%
100La MecqueArabie Saoudite10
41%
21BusanCoree du Sud62
40%
82ManamaBahrein13
39%
96ColomboSri Lanka10
38%
63CalgaryCanada18
33%
41MacaoChine32
31%
87NagoyaJapon11
31%
8ChongqingChine127
29%
26TianjinChine54
28%
19ChengduChine82
26%
75Xi'anChine14
26%
98MinneapolisEtats Unis10
22%
9GuangzhouChine121
21%
23NanjingChine60
18%
45XiamenChine29
18%
34IncheonCoree du Sud40
14%
84PattayaThailande12
11%
37HangzhouChine39
10%
54QingdaoChine22
10%
25NanningChine54
9%
97PittsburghEtats Unis10
9%
29ChangshaChine49
8%
33DalianChine41
8%
68FuzhouChine17
8%
56HefeiChine22
7%
47JinanChine27
7%
62KunmingChine18
7%
44SuzhouChine29
7%
95DaejonCoree du Sud10
6%
93DongguanChine11
6%
86KaohsiungTaiwan11
6%
12ShenyangChine94
6%
57TaichungTaiwan21
6%
92ZhengzhouChine11
6%
43NanchangChine31
5%
53NingboChine22
5%
94KawasakiJapon10
3%
64TaiyuanChine17
3%
59WuxiChine21
3%
77GoyangCoree du Sud14
2%
71GuiyangChine15
2%
81LanzhouChine13
2%
46ZhuhaiChine28
2%
80Balneario CamboriuBresil14
0%
52LiuzhouChine23
0%
89Sunny Isles BeachEtats Unis11
0%

Distribution des résultats

Percentile par nombre de réponses

% des personnes avec chaque résultat

Votre développement - résultats

Vous n’avez pas pris ce quiz